000 00652nam a2200241Ia 4500
003 OSt
005 20221007075711.0
006 a|||||r|||| 00| 0
007 ta
008 221006b |||||||| |||| 00| 0 eng d
020 _cRs. 7/-
024 _a13,873
037 _cTextual
040 _aFLL
_cFLL
_beng
041 _2eng
_aeng
082 _aX:3M2yxM17:9, L2
100 _aMisra Baidyanath
245 0 _aCapitalism, socialism and planning
260 _aNew Delhi
_bOxford & IBH Publishing Co. India
_c1972
300 _a272p
_ccm.
942 _hX:3M2yxM17:9, L2
_cTEXL
_2CC
999 _c1157058
_d1157058